Psicología social

Sábháilte in:
Sonraí bibleagrafaíochta
Príomhchruthaitheoir: Fingermann, Gregorio (Údar)
Formáid: LEABHAR
Teanga:Spáinnis
Foilsithe / Cruthaithe: Buenos Aires El Ateneo 1973
Sraith:Colección de estudios humanísticos. Sección antropología y psicología
Ábhair:
Clibeanna: Cuir clib leis
Níl clibeanna ann, Bí ar an gcéad duine le clib a chur leis an taifead seo!

MARC

LEADER 00000nam a2200000 a 4500
001 UCY7647
003 CL-VaPUC
008 950616e19730000AG |||||||||||||||||spa|d
082 0 4 |a 302  |b FIN  |2 21 
100 0 |a Fingermann, Gregorio  |e author  |9 338272 
245 1 0 |a Psicología social 
300 |a 150 p 
942 |c BK 
945 |d 19950616 00:00:00  |a cmena 
260 |a Buenos Aires  |b El Ateneo  |c 1973 
650 0 |a Psicología individual  |9 309049 
650 7 |a GRUPOS  |2 CL-VaPUC  |9 336429 
650 0 |a Adaptación social  |9 336043 
650 0 |a Personalidad   |9 307255 
650 0 |a Comportamiento social  |9 334200 
650 0 |a Vida social  |9 337244 
583 |a last modification  |c 19950616 00:00:00  |k Rodrigo Vera 
490 0 |a Colección de estudios humanísticos. Sección antropología y psicología 
999 |c 234978  |d 234976 
952 |0 0  |1 0  |4 0  |6 302_000000000000000_FIN_1973  |7 0  |8 P  |9 242038  |a BIBEDU  |b BIBEDU  |c BIBEDU_PB  |d 2019-11-18  |i 151914K  |o 302 FIN 1973  |p 151914K  |r 2024-01-25  |w 2019-11-18  |y BK  |k EDU